Thermal biosensors, bioactivity, bioaffinity

Saved in:
书目详细资料
Main Authors: Bhatia, P. K (Author), Danielsson, B (Author), Gemeiner, P (Author), Grabley, S (Author), Lammers, F (Author), Mukhopadhyay, A (Author), Ramanathan, K (Author), Saleemuddin, M (Author), Scheper, Thomas (Author), Stefuca, V (Author), Thiericke, R (Author), Xie, B (Author)
格式: 图书
语言:英语
出版: Berlín Springer 1999
丛编:Advances in Biochemical Engineering Biotechnology, 64
主题:
标签: 添加标签
没有标签, 成为第一个标记此记录!

MARC

LEADER 00000nam a2200000 a 4500
001 UCN0867
003 CL-VaPUC
008 010406e19990000GW |||||||||||||||||eng|d
082 0 4 |a 660.63  |b BHA  |2 21 
100 0 |a Bhatia, P. K  |e author  |9 456204 
700 0 |a Danielsson, B  |e author  |9 456205 
700 0 |a Gemeiner, P  |e author  |9 456206 
700 0 |a Grabley, S  |e author  |9 456207 
700 0 |a Lammers, F  |e author  |9 456208 
700 0 |a Mukhopadhyay, A  |e author  |9 456209 
700 0 |a Ramanathan, K  |e author  |9 456210 
700 0 |a Saleemuddin, M  |e author  |9 456211 
700 0 |a Scheper, Thomas  |e author  |9 456212 
700 0 |a Stefuca, V  |e author  |9 456213 
700 0 |a Thiericke, R  |e author  |9 456214 
700 0 |a Xie, B  |e author  |9 456215 
245 1 0 |a Thermal biosensors, bioactivity, bioaffinity 
300 |a 238 p 
942 |c BK 
945 |d 20010406 00:00:00  |a cmena 
260 |a Berlín  |b Springer  |c 1999 
650 0 |a Ingeniería bioquímica   |9 260241 
650 0 |a Biotecnología   |9 259561 
650 0 |a Enzimas  |9 262984 
650 0 |a Citología  |9 261432 
583 |a last modification  |c 20120326 09:28:06  |k Rodrigo Vera 
490 0 |a Advances in Biochemical Engineering Biotechnology, 64 
999 |c 294482  |d 294480 
952 |0 0  |1 0  |4 0  |6 660_630000000000000_BHA_1999  |7 0  |8 A  |9 346950  |a BIBING  |b BIBING  |d 2019-11-20  |i 359243K  |o 660.63 BHA 1999  |p 359243K  |r 2025-01-20  |w 2019-11-20  |y BK  |k EIB